Avrupa Yakası Karakterleri - Statistics

General Stats
  • This quiz has been taken 14 times
  • The average score is 18 of 56
Answer Stats
Picture Answer % Correct
Tahsin Sütçüoğlu / Gazanfer Özcan
100%
Aslı Sütçüoğlu / Gülse Birsel
92%
Dilber Koçarslanlı / Binnur Kaya
85%
Volkan Sütçüoğlu / Ata Demirel
85%
Burhan Altıntop / Engin Günaydın
69%
Kubilay Peynircioğlu / Vural Çelik
69%
Cem Onaran / Levent Üzümcü
62%
Bülent Onaran / Rutkay Aziz
54%
İffet Sütçüoğlu / Hümeyra
54%
Şahika Koçarslanlı / Binnur Kaya
54%
Makbule Kıral / Hasibe Eren
46%
Osman Koçarslanlı / Hakan Yılmaz
46%
Saadettin Yerebakan / Yıldırım Öcek
46%
Selin Yerebakan / Evrim Akın
46%
Tanrıverdi Ekşioğulları / Sarp Apak
46%
Yaprak İzmirli / Hale Caneroğlu
46%
Gaffur Aksoy / Peker Açıkalın
38%
Gülenay Peynircioğlu / Vural Çelik
38%
Melek / Çağla Şikel
38%
Meryem / Nihat Yalçın
38%
Sedef Onaran / Suna Keskin
38%
Tacettin Antepli / Veysel Diker
38%
Cesur / Gürgen Öz
31%
İmdat Sütçüoğlu / Sinan Bengier
31%
Sabit Kıral / Tolga Çevik
31%
Sertaç Kırmızı / Yavuz Seçkin
31%
Azamet Sütçüoğlu / Nurdan Damcıoğlu
23%
Emine Antepli / Feriha Eyüboğlu
23%
Hamiyet Kıral / Gönül Ülkü Özcan
23%
Nadide / Şebnem Sönmez
23%
Nilay Aksoy / Ececan Gümeci
23%
Nurbanu / Tuana Coşkun
23%
Sabit Aksoy / Celal Belgil
23%
Tevfik Kıral / Müşfik Kenter
23%
Victoria / Didem Erol
23%
Adnan Sütçüoğlu / Halil İbrahim Aras
15%
Bahattin Koçarslanlı / İskender Bağcılar
15%
Çetin / Görkem Gürsoy
15%
Dursun Sarı / Ömür Arpacı
15%
Fatoş Akın / Şenay Gürler
15%
Hediye Aksoy / Şensel Uykal
15%
Mürvet / Yonca Cevher
15%
Naile / Çiçek Dilligil
15%
Şakir Enişte / Salih Kalyon
15%
Yönetmen Sıtkı / Özden Özgürdal
15%
Alican / Sezgi Mengi
8%
Gözde / Didem Aksu
8%
Hüseyin Antepli / Nedim Doğan
8%
Melike / Dolunay Soysert
8%
Şehsuvar Kementoğlu / Bülent Polat
8%
Zeynep Hacer Aksoy / Bihter Dinçel
8%
Celal Abi / Umut Demirdelen
0%
Diyetisyen Rüksan / Şebnem Özinal
0%
İlksen Gümüşmeşe / Ece Hakim
0%
İzzet Gümüşmeşe / Timur Acar
0%
Merak / Tuna Arman
0%
No matching quizzes found
Score Distribution
Percent of People with Each Score
Percentile by Number Answered
Your Score History
You have not taken this quiz